EPFO APFO Enforcement Officer & Account Officer (Record no. 213535)

MARC details
000 -LEADER
fixed length control field 00588nam a22001937a 4500
005 - DATE AND TIME OF LATEST TRANSACTION
control field 20250930123815.0
010 ## - LCCN (DPL NO)
LC control number ENG-146906
020 ## - INTERNATIONAL STANDARD BOOK NUMBER
International Standard Book Number 9789369587537
Terms of availability 499.00
035 ## - SYSTEM CONTROL NUMBER
System control number EN-130438
037 ## - SOURCE OF ACQUISITION
Source of stock number/acquisition DBAD
082 ## - DEWEY DECIMAL CLASSIFICATION NUMBER
Edition number 1
Classification number 000
245 ## - TITLE STATEMENT
Title EPFO APFO Enforcement Officer & Account Officer
250 ## - EDITION STATEMENT
Edition statement 1
260 ## - PUBLICATION, DISTRIBUTION, ETC. (IMPRINT)
Place of publication, distribution, etc Uttar Pradesh
Name of publisher, distributor, etc S. Chand Publishing
Date of publication, distribution, etc 2025
270 ## - ADDRESS
Address D-92, Sector-2, Noida
City Uttar Pradesh
Postal code 201301
Telephone number 61-120-4682700
300 ## - PHYSICAL DESCRIPTION
Extent 431p.
Dimensions 24cm(pb)
500 ## - GENERAL NOTE
General note Revised With New Syllabus 2025 (In English)
942 ## - ADDED ENTRY ELEMENTS (KOHA)
Source of classification or shelving scheme Dewey Decimal Classification
Item type English Books
Classification part 000
Call number suffix EPF
Holdings
Withdrawn status Lost status Not for loan Collection code Home library Current library Date acquired Source of acquisition Cost, normal purchase price Full call number Barcode Copy number Cost, replacement price Koha item type
      Non-fiction Central Library Central Library 30/09/2025 Delivery of Books Act Division 499.00 000 EPF EN-130438 1 499.00 English Books

© Delhi Public Library
Hit Counter
free hit counter